Access, expansion and equity in higher education: new challenges for Brazilian education policy /
Сохранить в:
| Главный автор: | |
|---|---|
| Другие авторы: | , |
| Формат: | Текст |
| Предметы: | |
| Метки: |
Добавить метку
Нет меток, Требуется 1-ая метка записи!
|
MARC
| LEADER | 00000 a a2200000 04500 | ||
|---|---|---|---|
| 001 | 18325 | ||
| 003 | |||
| 040 | |||
| 100 | |a Baeta Neves, Clarissa | ||
| 245 | |a Access, expansion and equity in higher education: |b new challenges for Brazilian education policy / |c Clarissa Baeta Neves ; Leandro Raizer ; Rochele Fellini Fachinetto | ||
| 650 | |a ENSEÑANZA SUPERIOR | ||
| 650 | |a ACCESO A LA EDUCACION | ||
| 650 | |a CAMBIO SOCIAL | ||
| 650 | |a POLITICA EDUCATIVA | ||
| 650 | |a EQUIDAD SOCIAL | ||
| 650 | |a BRASIL | ||
| 700 | |a Raizer, Leandro | ||
| 700 | |a Fellini Fachinetto, Rochele | ||
| 773 | |g volumen 10, número 2 Edició; páginas 168-199 | ||
| 999 | |c 38691 |d 38691 | ||
